000 00203nam a2200109Ia 4500
100 _a#N/A
942 _cBK
654 _aoperation
245 _aOperation Management
260 _b#N/A
546 _aENGLISH
999 _c21521
_d21521